| 000 | 01079cab a2200265 4500 | ||
|---|---|---|---|
| 001 | ABS54028 | ||
| 008 | 090401t1995 xxu||||| |||| 00| 0 eng d | ||
| 035 | _a(Sirsi) u7962 | ||
| 041 | _aeng | ||
| 245 | _aBasingstoke and Deane BC v Paice | ||
| 260 | _c1995 | ||
| 350 | _a0 | ||
| 490 |
_aEstates Gazette _v[1995] 44 EG 139-140(2) |
||
| 520 | _aCA 17 March 1995. The plaintiff council (B) had let a garage business to Mr L`Heureaux who then converted a portion of the premises into a residential flat and sub-let it to Mr Paice, in breach of the convenant made with B. P appealed against the decision that when the mesne landlord surrendered his tenancy P was not entitled to a secure tenancy as a direct council tenant. Appeal allowed. | ||
| 650 | _aBREACH OF COVENANT | ||
| 650 | _aHOUSING ACT 1980 | ||
| 650 | _aHOUSING ACT 1985 | ||
| 650 | _aLANDLORD AND TENANT ACT 1954 | ||
| 650 | _aMESNE TENANCY | ||
| 650 | _aRENT ACT 1977 | ||
| 650 | _aSECURE TENANTS | ||
| 690 | _aLANDLORD AND TENANT-CASE LAW-RESIDENTIAL TENANCIES | ||
| 942 | _n0 | ||
| 948 | _c04/03/1997 | ||
| 999 |
_c4847 _d4847 |
||